<?xml version="1.0" encoding="UTF-8"?><?xml-stylesheet type="text/xsl" href="static/style.xsl"?><OAI-PMH xmlns="http://www.openarchives.org/OAI/2.0/" xmlns:xsi="http://www.w3.org/2001/XMLSchema-instance" xsi:schemaLocation="http://www.openarchives.org/OAI/2.0/ http://www.openarchives.org/OAI/2.0/OAI-PMH.xsd"><responseDate>2026-04-19T09:39:24Z</responseDate><request verb="GetRecord" identifier="oai:www.recercat.cat:2072/425652" metadataPrefix="marc">https://recercat.cat/oai/request</request><GetRecord><record><header><identifier>oai:recercat.cat:2072/425652</identifier><datestamp>2026-03-25T04:07:05Z</datestamp><setSpec>com_2072_98</setSpec><setSpec>col_2072_378192</setSpec></header><metadata><record xmlns="http://www.loc.gov/MARC21/slim" xmlns:dcterms="http://purl.org/dc/terms/" xmlns:xsi="http://www.w3.org/2001/XMLSchema-instance" xmlns:doc="http://www.lyncode.com/xoai" xsi:schemaLocation="http://www.loc.gov/MARC21/slim http://www.loc.gov/standards/marcxml/schema/MARC21slim.xsd">
   <leader>00925njm 22002777a 4500</leader>
   <datafield ind2=" " ind1=" " tag="042">
      <subfield code="a">dc</subfield>
   </datafield>
   <datafield ind2=" " ind1=" " tag="720">
      <subfield code="a">Cleophas, Maria das Graças</subfield>
      <subfield code="e">author</subfield>
   </datafield>
   <datafield ind2=" " ind1=" " tag="720">
      <subfield code="a">Dias Cavalcanti, Eduardo Luiz</subfield>
      <subfield code="e">author</subfield>
   </datafield>
   <datafield ind2=" " ind1=" " tag="720">
      <subfield code="a">Carneiro Leão, Marcelo</subfield>
      <subfield code="e">author</subfield>
   </datafield>
   <datafield ind2=" " ind1=" " tag="260">
      <subfield code="c">2017</subfield>
   </datafield>
   <datafield ind2=" " ind1=" " tag="520">
      <subfield code="a">Este artigo apresenta os resultados obtidos por meio da execução de uma proposta pedagógica envolvendo o Jogo de Realidade Alternada (ARG), visando à promoção de aprendizagens sobre conteúdos da Química. O ARG é um jogo que tem, como aporte indispensável, o uso das Tecnologias de Informação e Comunicação (TIC). Neste sentido, propusemos que 35 discentes em formação inicial em um curso de licenciatura em Ciências da Natureza da Universidade Federal do Vale do São Francisco (UNIVASF), localizada no semiárido do nordeste do Brasil, elaborassem, em grupos, diferentes jogos do tipo ARG. Após a construção dos ARG pelos grupos, percebemos que a flexibilização de várias habilidades, em diferentes domínios, foi necessária para o desenvolvimento deste jogo, sendo estas fundamentais para a mobilização de habilidades cognitivas e criativas que favoreceram a resolução de problemas envolvendo a Química.</subfield>
   </datafield>
   <datafield tag="653" ind2=" " ind1=" ">
      <subfield code="a">Jogo de realidade alternada (ARG)</subfield>
   </datafield>
   <datafield tag="653" ind2=" " ind1=" ">
      <subfield code="a">Atividade lúdica</subfield>
   </datafield>
   <datafield tag="653" ind2=" " ind1=" ">
      <subfield code="a">Ensino de química</subfield>
   </datafield>
   <datafield tag="653" ind2=" " ind1=" ">
      <subfield code="a">Aprendizagem</subfield>
   </datafield>
   <datafield tag="653" ind2=" " ind1=" ">
      <subfield code="a">Conhecimentos científicos</subfield>
   </datafield>
   <datafield ind2="0" ind1="0" tag="245">
      <subfield code="a">Jogo de realidade alternada (ARG) : uma proposta para a construção de conhecimentos químicos</subfield>
   </datafield>
</record></metadata></record></GetRecord></OAI-PMH>